Estatísticas para Libertadores 2022 - Chaves

Clique aqui para jogar o quiz

Estatísticas Gerais

  • Esse quiz foi jogado 88 vezes
  • A pontuação média é 23 de 30

Estatísticas das Respostas

HintResposta% Correto
1Flamengo
100%
8 x 1Flamengo
100%
2 x 1Flamengo
100%
3 x 0Flamengo
100%
8 x 0Palmeiras
100%
3 x 2Palmeiras
100%
2 (6) x
2 (5)
Palmeiras
100%
0River Plate
96%
3 x 2Athletico PR
95%
1 x 0Athletico PR
95%
3 x 2Athletico PR
95%
1 x 0Athletico PR
95%
0 (5)Boca Juniors
95%
2 x 1Atlético MG
92%
2 (5)Atlético MG
92%
0Corinthians
84%
0 (6) x
0 (5)
Corinthians
84%
4 x 2Vélez Sársfield
72%
1 x 0Vélez Sársfield
72%
2 x 1Vélez Sársfield
72%
0Estudiantes
66%
4 x 1Estudiantes
66%
1Fortaleza
58%
1Tolima
46%
2Libertad
44%
0Cerro Porteño
42%
1Emelec
35%
3 x 1Talleres
35%
2Talleres
35%
1Colón
28%

Distribuição das Pontuações

Percentil de Números Respondidos

Porcentagem de Pessoas com Cada Pontuação

Sua Pontuação Histórica

Você não jogou esse quiz